000 00350 a2200169 4500
001 190043
020 _a978-85-260-1708-5
040 _cMagnum
100 _aBandeira, Manuel
240 1 0 _aManuel bandeira
_lpor
245 1 0 _aManuel bandeira
300 _a89
362 0 _a2012
440 1 _aGlobal
697 _aLITERATURA GERAL
942 _cBK
999 _c190043
_d190043